000 00623nam 22001933 4500
001 198433
010 _a978-85-345-1048-6
090 _a198433
100 _a20251015d u||y0pory50 ba
200 _aOs Dinossauros: Quando existiram e por que desapareceram
_fRuth Wheeler e Harold G. Coffin
_gtradução de Eunice Scheffel do Prado
205 _a
210 _aSão Paulo
_cCasa Publicadora Brasileira
_d2007
215 _a80 p.
_cbrochado
_d21 cm
606 _92365
_aPré- História
_xDinossauros
675 _a568.19
_vPT
_zpor
700 _914371
_aWheeler
_bRuth
801 _aPT
_bBMMN
_gRPC
830 _cAna Caetano
990 _cLIVROS